| 000 | 00869nam a2200325 a 4500 | ||
|---|---|---|---|
| 003 | AR-BaBNM | ||
| 005 | 20251128203208.0 | ||
| 008 | 082120s2002 ||||||||||||||000 | spa|| | ||
| 040 | _cAR-BaBNM | ||
| 100 | 1 | _aSumner, W.L. | |
| 245 | 0 | 0 | _aThe teaching of science |
| 250 | _a3ª ed. | ||
| 260 |
_aOxford _bBasil Blackwell _c1947 |
||
| 300 |
_a193 p. _btablas |
||
| 504 | _aContiene bibliografía | ||
| 650 | 4 | _aENSEÑANZA DE LA FISICA | |
| 650 | 4 | _aENSEÑANZA DE LA QUIMICA | |
| 650 | 4 | _aASTRONOMIA | |
| 650 | 4 | _aENSEÑANZA DE LA GEOLOGIA | |
| 650 | 4 | _aENSEÑANZA DE LA BIOLOGIA | |
| 650 | 4 | _aELECTRICIDAD | |
| 650 | 4 | _aMAGNETISMO | |
| 650 | 4 | _aSELECCION DE MATERIAL DIDACTICO | |
| 650 | 4 | _aEQUIPO AUDIOVISUAL | |
| 650 | 4 | _aEXPERIMENTOS DE LABORATORIO | |
| 651 | 4 | _aReino Unido | |
| 653 | _aEDUCACION PRIMARIA | ||
| 942 | _cBK | ||
| 998 | _cSILVI | ||
| 999 |
_c2331 _d2331 |
||